[Event "Novokuznetsk SFO-ch U15"]
[Site "Novokuznetsk"]
[Date "2014.11.06"]
[Round "5"]
[White "Obgolts, Erik"]
[Black "Tokmashov, Maxim"]
[Result "1/2-1/2"]
[WhiteElo "2136"]
[BlackElo "1941"]
[PlyCount "68"]
[EventDate "2014.11.02"]
[EventType "swiss"]
[EventRounds "9"]
[EventCountry "RUS"]
[SourceTitle "CBM 163 Extra"]
[Source "ChessBase"]
[SourceDate "2014.12.23"]
[SourceVersion "1"]
[SourceVersionDate "2014.12.23"]
[SourceQuality "1"]

1. c4 e6 2. Nc3 Nf6 3. e4 d5 4. e5 Nfd7 5. d4 dxc4 6. Bxc4 Nb6 7. Bb3 Bd7 8. Nge2 c5 9. dxc5 Bxc5 10. Ne4 Bb4+ 11. Bd2 Bxd2+ 12. Qxd2 0-0 13. 0-0 Bc6 14. Qe3 N8d7 15. N4c3 Qe7 16. Nd4 Rad8 17. Rad1 Bd5 18. Nxd5 Nxd5 19. Bxd5 exd5 20. f4 f5 21. Rc1 Nb6 22. b3 g6 23. Rc2 Rc8 24. Rfc1 Rxc2 25. Rxc2 Rc8 26. Rxc8+ Nxc8 27. Qc3 Nb6 28. a4 Nd7 29. Qc8+ Nf8 30. Qc3 Ne6 31. Qc8+ Nf8 32. Qc3 Ne6 33. Nxe6 Qxe6 34. Qd4 b6 1/2-1/2

[Event "Novokuznetsk SFO-ch U15"]
[Site "Novokuznetsk"]
[Date "2014.11.02"]
[Round "1"]
[White "Churakov, Danil"]
[Black "Tokmashov, Maxim"]
[Result "0-1"]
[WhiteElo "1571"]
[BlackElo "1941"]
[PlyCount "126"]
[EventDate "2014.11.02"]
[EventType "swiss"]
[EventRounds "9"]
[EventCountry "RUS"]
[SourceTitle "CBM 163 Extra"]
[Source "ChessBase"]
[SourceDate "2014.12.23"]
[SourceVersion "1"]
[SourceVersionDate "2014.12.23"]
[SourceQuality "1"]

1. e4 e6 2. d4 d5 3. e5 c5 4. c3 Qb6 5. Qb3 c4 6. Qxb6 axb6 7. Be2 b5 8. Bd1 Bd7 9. f4 b4 10. Nf3 b5 11. cxb4 Nc6 12. 0-0 Nxb4 13. Nc3 Nd3 14. Bc2 Nxc1 15. Rfxc1 b4 16. Ne2 Nh6 17. h3 Nf5 18. Kf2 Be7 19. g3 g6 20. Rd1 h5 21. Rdc1 Kf8 22. Rcb1 Kg7 23. Rc1 Ra7 24. Re1 Rha8 25. Bb1 Ba4 26. g4 hxg4 27. hxg4 Nh6 28. Kg3 Bb3 29. Nc1 Ba4 30. Rh1 Bb5 31. Rh2 Rc8 32. Rg2 Rac7 33. Ne1 Ba4 34. Bc2 Bb5 35. Bd1 Ra7 36. Bc2 Ba4 37. Bxa4 Rxa4 38. Nf3 b3 39. Ne1 Rca8 40. a3 Rb8 41. Ne2 Bb4 42. Rc1 Bd2 43. Rd1 Ba5 44. Rc1 Rxa3 45. bxa3 b2 46. Rb1 Bxe1+ 47. Rxe1 b1Q 48. Rxb1 Rxb1 49. Kf2 Ra1 50. Rg3 Kf8 51. Kg2 Ng8 52. Rf3 Ne7 53. Ng3 Nc6 54. Ne2 Ke7 55. Kf2 Ke8 56. Kg2 Ra2 57. Kf1 Rxe2 58. Kxe2 Nxd4+ 59. Ke3 Nxf3 60. Kxf3 d4 61. Ke4 d3 62. Ke3 Kd7 63. Kd2 Kc6 0-1

[Event "Abakan Khakassia-ch"]
[Site "Abakan"]
[Date "2014.02.24"]
[Round "3"]
[White "Posvalyuk, Viacheslav"]
[Black "Tokmashov, Maxim"]
[Result "1-0"]
[WhiteElo "2115"]
[BlackElo "1954"]
[PlyCount "63"]
[EventDate "2014.02.22"]
[EventType "swiss"]
[EventRounds "9"]
[EventCountry "RUS"]
[SourceTitle "CBM 159 Extra"]
[Source "ChessBase"]
[SourceDate "2014.04.24"]
[SourceVersion "1"]
[SourceVersionDate "2014.04.24"]
[SourceQuality "1"]

1. d4 d5 2. c4 dxc4 3. Nf3 a6 4. a4 Nf6 5. e3 e6 6. Bxc4 c5 7. 0-0 Nc6 8. Nc3 cxd4 9. exd4 Be7 10. d5 exd5 11. Nxd5 Nxd5 12. Bxd5 0-0 13. Be3 Bf6 14. Qb3 Ne7 15. Bc4 Bg4 16. Ng5 Bxg5 17. Bxg5 h6 18. f3 Bf5 19. Rfd1 Qc7 20. Rac1 Nc6 21. Bh4 Na5 22. Qb4 Nxc4 23. Rxc4 Qb8 24. Bg3 Qa7+ 25. Bf2 Qb8 26. Bb6 Re8 27. Rc7 a5 28. Qf4 Be6 29. Bd4 Qd8 30. h4 Re7 31. Rdc1 Rc8 32. Qe5 1-0